000 00709nam a2200241 a 4500
008
020 _a0077098595 (pbk.)
049 _aMAIN
090 0 0 _aHF5657.4
_bGAR
100 1 _aHansen, Don R.
245 1 0 _aManagement accounting /
_cH.Garrison, Eric W.Noreen and Wllie Seal
250 _aEuropean ed.
260 _aLondon :
_bMcGraw-Hill,
_c2003
300 _axviii, 846 p. :
_bcol. ill. ;
_c29 cm.
504 _aIncludes bibliographical references.
500 _aIncludes index.
650 0 _aManagerial accounting.
907 _a.b10155983
_b16-05-07
_c01-03-05
003
005 20230123133942.0
040 _cNUST
942 _cBOOKS
_kHF5657.4
_mGAR
999 _c157468
_d157468